-
PATIL, KETAN B. 2- PATIL, PARESH A. 3- KSHIRSAGAR, SANDIP S. 4- PATIL , NARENDRA B
Entry Personal Name
Number of records used in: 1
001 - CONTROL NUMBER
003 - CONTROL NUMBER IDENTIFIER
005 - DATE AND TIME OF LATEST TRANSACTION
- control field:
20251126061331.0
008 - FIXED-LENGTH DATA ELEMENTS
- fixed length control field:
251126|| aca||aabn | a|a d
040 ## - CATALOGING SOURCE
- Original cataloging agency:
JRU
- Transcribing agency:
JRU
100 ## - HEADING--PERSONAL NAME
- Personal name:
PATIL, KETAN B. 2- PATIL, PARESH A. 3- KSHIRSAGAR, SANDIP S. 4- PATIL , NARENDRA B
670 ## - SOURCE DATA FOUND
- Source citation:
Work cat.: (JRU)9014: PATIL, KETAN B. 2- PATIL, PARESH A. 3- KSHIRSAGAR, SANDIP S. 4- PATIL , NARENDRA B. , THE THEORY AND PRACTICAL BOOK OF INDUSTRIAL PHARMACY - I , 2023